Israéliens et palestiniens célèbres par images - Statistiques

Statistiques générales
  • Ce quiz a été pris 279 fois
  • Le résultat moyen est 7 sur 16
Statistiques - réponses
Par images Réponse % Correct
Jésus-Christ
97%
Vierge Marie
92%
Benyamin Netanyahou
68%
Yasser Arafat
68%
Natalie Portman
62%
Gal Gadot
53%
Yitzhak Rabin
46%
Philippe Lellouche
32%
Saint-Joseph
30%
Ariel Sharon
28%
Shimon Peres
27%
Saint-Pierre
21%
Salomon
18%
Saint-Jean
15%
Gene Simmons
5%
Saint-André
2%
Aucun quiz correspondant
Distribution des résultats
% des personnes avec chaque résultat
Percentile par nombre de réponses
Votre historique - résultats
Vous n’avez pas pris ce quiz